| 000 | 00988nam a22002177a 4500 | ||
|---|---|---|---|
| 999 |
_c1053 _d1053 |
||
| 003 | AR-CdUCM | ||
| 008 | 190226b ||||| |||| 00| 0 spa d | ||
| 040 |
_aMUNICIPALIDAD PROVINCIAL DEL CUSCO _cBIBLIOTECA MUNICIPAL DEL CUSCO |
||
| 082 |
_a335.4092 / _bM84 |
||
| 100 |
_aMondolfo, Rodolfo _94120 |
||
| 245 |
_aFeuerbach y Marx : _bLa dialéctica y el concepto Marxista de la historia / _cMondolfo, Rodolfo ; Alberti, M. (traductor) |
||
| 260 |
_aBuenos Aires - Argentina : _bEd. Claridad "Manuales de Cultura Marxista", _c1900. |
||
| 300 |
_a142 páginas ; _c19 cm. |
||
| 505 | _aLas notas críticas de Marx sobre Feuerbach -- teoría del conocimiento y problema del ser -- la concepción de la praxis -- praxis y teoría -- la concepción del hombre -- individuo, sociedad y especie | ||
| 650 |
_aMaterialismo histórico. _94121 |
||
| 650 |
_aMarxismo. _924 |
||
| 650 |
_aSiglo XX. _98 |
||
| 700 |
_aAlberti, M. (traductor) _94122 |
||
| 942 |
_2ddc _cLIBROS |
||
| 945 |
_aachl _d2019-02-26 |
||